How to produce creative advertising : (Record no. 51199)

MARC details
000 -LEADER
fixed length control field 00777nam a2200253 i 4500
001 - CONTROL NUMBER
control field C2-0235034
003 - CONTROL NUMBER IDENTIFIER
control field PPAK
005 - DATE AND TIME OF LATEST TRANSACTION
control field 20180727195321.0
008 - FIXED-LENGTH DATA ELEMENTS--GENERAL INFORMATION
fixed length control field 010825s1991 ilua|||| ||||| | eng d
020 ## - INTERNATIONAL STANDARD BOOK NUMBER
International Standard Book Number 0844234826
040 ## - CATALOGING SOURCE
Original cataloging agency PPAK
Language of cataloging eng
Transcribing agency PPAK
Description conventions rda
082 04 - DEWEY DECIMAL CLASSIFICATION NUMBER
Classification number 659.1
Edition number 23
090 00 - LOCALLY ASSIGNED LC-TYPE CALL NUMBER (OCLC); LOCAL CALL NUMBER (RLIN)
Classification number (OCLC) (R) ; Classification number, CALL (RLIN) (NR) 659.1
Feature heading KED
Feature heading R
100 1# - MAIN ENTRY--PERSONAL NAME
Personal name Keding, Ann,
Relator term author
245 10 - TITLE STATEMENT
Title How to produce creative advertising :
Remainder of title proven techniques & computer applications
264 #1 - PRODUCTION, PUBLICATION, DISTRIBUTION, MANUFACTURE, AND COPYRIGHT NOTICE
Place of production, publication, distribution, manufacture Illinois :
Name of producer, publisher, distributor, manufacturer NTC Business Books ,
Date of production, publication, distribution, manufacture, or copyright notice 1991
300 ## - PHYSICAL DESCRIPTION
Extent xi, 181 pages :
Other physical details illustrations ;
Dimensions 28 cm
336 ## - CONTENT TYPE
Source rdacontent
Content type term text
337 ## - MEDIA TYPE
Source rdamedia
Media type term unmediated
338 ## - CARRIER TYPE
Source rdacarrier
Carrier type term volume
650 10 - SUBJECT ADDED ENTRY--TOPICAL TERM
Topical term or geographic name entry element Advertising ; Advertising - Data processing ; Advertising copy
700 ## - ADDED ENTRY--PERSONAL NAME
Relator term author
942 ## - ADDED ENTRY ELEMENTS (KOHA)
-- dc
Koha item type Book
Holdings
Withdrawn Not for loan Current library Shelving location Date acquired Full call number Barcode Date last seen Koha item type
  Not For Loan Perpustakaan Alor Setar Rujukan Dewasa 25/09/2001 R 659.1 KED A00971122 08/05/2018 Book
  Not For Loan Perpustakaan Awam Sungai Petani Rujukan Dewasa 25/09/2001 R 659.1 KED A00971124 08/05/2018 Book
  Not For Loan Perpustakaan Baling Rujukan Dewasa 25/09/2001 R 659.1 KED A00971123 08/05/2018 Book
  Not For Loan Perpustakaan Jitra Rujukan Dewasa 25/09/2001 R 659.1 KED A00971125 08/05/2018 Book